000
00322nam a2200145 a 4500
008
000904s1981||||xx 0 und c
040
_a
SNK
_b
slo
_c
SNK
_e
AACR2
100
1
_a
Czerny, Carl
245
1
0
_a
Škola zběhlosti
260
_a
Praha
_b
SHV
_c
1981
300
_a
102 s.
020
_c
16
041
_a
ces
044
_a
CZ
999
_c
14240
_d
14240